| 000 | 00893nam a22002777a 4500 | ||
|---|---|---|---|
| 999 |
_c16784 _d16784 |
||
| 003 | EG-ScBUE | ||
| 005 | 20200809140648.0 | ||
| 008 | 120621t2002 ii a f 001 0 eng d | ||
| 020 | _a0195663519 | ||
| 020 | _a9780195663518 | ||
| 040 |
_aEG-ScBUE _beng _erda _cEG-ScBUE _dEG-ScBUE |
||
| 082 | 0 | 4 |
_a612 _bPIS _222 |
| 100 | 1 |
_930191 _aPispati, Hema, _eauthor. |
|
| 245 |
_aConsice textbook of physiology for dental students / _bHema Pispati. |
||
| 250 | _aReprinted edition. | ||
| 264 | 1 |
_aNew Delhi : _bOxford University Press, _c2002. |
|
| 300 |
_a424 pages : _billustrations ; _c24 cm |
||
| 336 |
_2rdacontent _atext _btxt |
||
| 337 |
_2rdamedia _aunmediated _bn |
||
| 338 |
_2rdacarrier _avolume _bnc |
||
| 500 | _aIncludes index. | ||
| 650 | 7 |
_aHuman Physiology Dental Students. _2BUEsh _930192 |
|
| 653 |
_cJune2012 _cJuly2020 _bGGEN |
||
| 655 |
_vReading book _934232 |
||
| 942 |
_2ddc _cBB |
||